MARC details
| 000 -LEADER |
| fixed length control field |
01320cam a22003015a 4500 |
| 005 - DATE AND TIME OF LATEST TRANSACTION |
| control field |
20190526095815.0 |
| 008 - FIXED-LENGTH DATA ELEMENTS--GENERAL INFORMATION |
| fixed length control field |
051013t2006 gw a frb 001 0 eng d |
| 020 ## - INTERNATIONAL STANDARD BOOK NUMBER |
| International Standard Book Number |
3527312838 |
| 020 ## - INTERNATIONAL STANDARD BOOK NUMBER |
| International Standard Book Number |
9783527312832 |
| 040 ## - CATALOGING SOURCE |
| Original cataloging agency |
NLM |
| Language of cataloging |
eng |
| Transcribing agency |
NLM |
| Modifying agency |
UKM |
| -- |
BAKER |
| -- |
OHX |
| -- |
IUL |
| -- |
YDXCP |
| -- |
BTCTA |
| -- |
LVB |
| -- |
NLGGC |
| -- |
DLC |
| -- |
EG-ScBUE |
| -- |
EG-ScBUE |
| 082 04 - DEWEY DECIMAL CLASSIFICATION NUMBER |
| Classification number |
615.19 |
| Item number |
HIG |
| Edition number |
22 |
| 245 00 - TITLE STATEMENT |
| Title |
High-throughput screening in drug discovery / |
| Statement of responsibility, etc |
edited by Jorg Huser. |
| 260 ## - PUBLICATION, DISTRIBUTION, ETC. (IMPRINT) |
| Place of publication, distribution, etc |
Weinheim : |
| Name of publisher, distributor, etc |
Wiley-VCH Verlag, |
| Date of publication, distribution, etc |
c.2006. |
| 300 ## - PHYSICAL DESCRIPTION |
| Extent |
xviii, 343 p. : |
| Other physical details |
ill. (some col.) ; |
| Dimensions |
24 cm. |
| 490 0# - Series Statement |
| Series statement |
Methods and principles in medicinal chemistry ; |
| Volume/sequential designation |
35 |
| 504 ## - BIBLIOGRAPHY, ETC. NOTE |
| Bibliography, etc |
Includes bibliographical references and index. |
| 650 #7 - SUBJECT ADDED ENTRY--TOPICAL TERM |
| Topical term or geographic name as entry element |
High throughput screening (Drug development). |
| Source of heading or term |
BUEsh |
| 650 #7 - SUBJECT ADDED ENTRY--TOPICAL TERM |
| Topical term or geographic name as entry element |
Drug Design. |
| Source of heading or term |
BUEsh |
| 650 #7 - SUBJECT ADDED ENTRY--TOPICAL TERM |
| Topical term or geographic name as entry element |
Chemistry, Pharmaceutical |
| General subdivision |
methods. |
| Source of heading or term |
BUEsh |
| 650 #7 - SUBJECT ADDED ENTRY--TOPICAL TERM |
| Topical term or geographic name as entry element |
Drug Evaluation, Preclinical. |
| Source of heading or term |
BUEsh |
| 651 ## - SUBJECT ADDED ENTRY--GEOGRAPHIC NAME |
| Source of heading or term |
BUEsh |
| 653 ## - INDEX TERM--UNCONTROLLED |
| Resource For college |
Pharmacy |
| Arrived date list |
November2017 |
| 700 1# - ADDED ENTRY--PERSONAL NAME |
| Personal name |
Huser, Jorg, |
| Title of a work |
editor. |
| 856 41 - ELECTRONIC LOCATION AND ACCESS |
| Materials specified |
Table of contents only |
| Uniform Resource Identifier |
<a href="http://www.loc.gov/catdir/enhancements/fy0740/2007462578-t.html">http://www.loc.gov/catdir/enhancements/fy0740/2007462578-t.html</a> |
| 856 42 - ELECTRONIC LOCATION AND ACCESS |
| Materials specified |
Publisher description |
| Uniform Resource Identifier |
<a href="http://www.loc.gov/catdir/enhancements/fy0740/2007462578-d.html">http://www.loc.gov/catdir/enhancements/fy0740/2007462578-d.html</a> |
| 856 42 - ELECTRONIC LOCATION AND ACCESS |
| Materials specified |
Contributor biographical information |
| Uniform Resource Identifier |
<a href="http://www.loc.gov/catdir/enhancements/fy0740/2007462578-b.html">http://www.loc.gov/catdir/enhancements/fy0740/2007462578-b.html</a> |
| 942 ## - ADDED ENTRY ELEMENTS (KOHA) |
| Source of classification or shelving scheme |
Dewey Decimal Classification |